000 01814nam a2200181Ia 4500
008 220216s9999 xx 000 0 und d
100 _aJian-hua Cao
245 0 _aInteraction between rootstock and scion on endogenous phytohormones in latex of Hevea brasiliensis grafted
260 _bProceedings of IRRDB Conference: NR Industry: Responding to Globalization, 7-8 September 2004, Kunming International Convention & Exhibition Center, China. pp.350-354.
520 _aThree kinds of endogenous phytohormones, IAA, iPAs and ABA, in latex of inter-grafted and self-grafted (CK) consisting of self-root clones, Haiken2 and SCATC88-13, were determined by plant hormonal immunoassay. The differences among them were analyzed. The results indicated that budgrafting had apparently effects on the contents of IAA, iPAs and ABA in latex of rootstocks and scions. It could increase apparently IAA content, and decrease iPAs content in latex of rootstocks and scions. It could increase apparently IAA content, and decrease iPAs content in latex of rootstocks and scions in different degrees. However, the effect on ABA content in rootstocks and scions of budgrafting was correlative with grafted clones and grafting models, rootstocks or scion. The interaction between rootstock and scion represented positively or negatively because of differences in grafted clones or grafting modes. The degree of interaction differed because of differences in grafted clones or grafting modes. The degree of interaction differed between clones. Haiken2 was affected by SCATC88-13 more evident than that of SCATC88-13 by Haiken2.
650 _aEndogenous phytohormones
650 _aHevea brasiliensis
650 _aInteraction
650 _aRootstock and scion
700 _aJum-Ming Chen
700 _aWei-fu Lin
942 _cJS
999 _c61496
_d61496